00319nam a2200121Ia 4500008004100000024001500041082001900056100002000075245001700095260002600112600002100138650003800159260210s9999 xx 000 0 und d a14B-045-BS a005.215072 UBA aUbaid Ur Rehman 0aHealth Cloud aKarachi:bUITU,c2015 aComputer Science aBachelor of Computer Science (BS)